Manual of comparative anatomy:A general laboratory guide. (Record no. 20807)

MARC details
000 -LEADER
fixed length control field 00361nam a2200133Ia 4500
082 ## - DEWEY DECIMAL CLASSIFICATION NUMBER
Classification number 591.4
Item number HAR
100 ## - MAIN ENTRY--AUTHOR NAME
Personal name HARRISON, Bruce M
245 #0 - TITLE STATEMENT
Title Manual of comparative anatomy:A general laboratory guide.
250 ## - EDITION STATEMENT
Edition statement Ed.2
260 ## - PUBLICATION, DISTRIBUTION, ETC. (IMPRINT)
Place of publication St Louis
Name of publisher C V Mosby
Year of publication 1964
650 ## - SUBJECT ADDED ENTRY--TOPICAL TERM
Topical Term Vertebrates anatomy
942 ## - ADDED ENTRY ELEMENTS (KOHA)
Koha item type Books
Holdings
Withdrawn status Lost status Damaged status Not for loan Home library Current library Date acquired Full call number Accession Number Koha item type
        RRII Library RRII Library 16/12/2021 591.4 HAR 01530 Books